Living in cities (Record no. 408346)

000 -LEADER
fixed length control field 00320cam a22001217a 4500
008 - FIXED-LENGTH DATA ELEMENTS--GENERAL INFORMATION
fixed length control field 180718b1966 xxu||||| |||| 00| 0 eng d
082 ## - DEWEY DECIMAL CLASSIFICATION NUMBER
Classification number B131x 42 M451
100 ## - MAIN ENTRY--PERSONAL NAME
Personal name May, John
245 ## - TITLE STATEMENT
Title Living in cities
Statement of responsibility, etc. by John May
260 ## - PUBLICATION, DISTRIBUTION, ETC.
Place of publication, distribution, etc. London
Name of publisher, distributor, etc. Longmans
Date of publication, distribution, etc. 1966
300 ## - PHYSICAL DESCRIPTION
Extent 63p
650 ## - SUBJECT ADDED ENTRY--TOPICAL TERM
Topical term or geographic name entry element Cities and towns --Great Britain.
Holdings
Withdrawn status Lost status Damaged status Not for loan Permanent Location Current Location Date acquired Full call number Barcode Date last seen Price effective from Koha item type
        Indian Institute of Public Administration Indian Institute of Public Administration 2008-12-18 B131x 42 M451 DA119 2018-07-21 2018-07-21 DA

Powered by Koha